تحميل...
Charithrathile chorappadukal /
| المؤلف الرئيسي: | |
|---|---|
| اللغة: | Undetermined |
| منشور في: |
Kottayam :
Current Books ,
1998.
|
| الموضوعات: |
| LEADER | 00527nam a2200181Ia 4500 | ||
|---|---|---|---|
| 001 | 133804 | ||
| 008 | 170722s9999 xx 000 0 und d | ||
| 020 | |a 8124006202 | ||
| 100 | |a Maraikar, V. P. | ||
| 245 | |a Charithrathile chorappadukal / | ||
| 260 | |a Kottayam : |b Current Books , |c 1998. | ||
| 300 | |a 189 p. | ||
| 653 | |a Biography | ||
| 653 | |a Collection | ||
| 653 | |a History | ||
| 942 | |c GEN | ||
| 999 | |c 118451 |d 118451 | ||
| 952 | |0 0 |1 0 |4 0 |6 VWX_32N8 |7 0 |9 167471 |a LIB |b LIB |d 2017-08-12 |o Vwx 32N8 |p 232483 |r 2017-08-12 |v 65.00 |w 2017-08-12 |y GEN | ||